Social capital and political participation in Latin America: evidence from Argentina, Chile, Mexico, and Peru /

Wedi'i Gadw mewn:
Manylion Llyfryddiaeth
Prif Awdur: Klesner, Joseph L.
Fformat: Texto
Pynciau:
Tagiau: Ychwanegu Tag
Dim Tagiau, Byddwch y cyntaf i dagio'r cofnod hwn!

MARC

LEADER 00000 a a2200000 04500
001 9289
003
040
100 |a Klesner, Joseph L.  
245 |a Social capital and political participation in Latin America:   |b evidence from Argentina, Chile, Mexico, and Peru /  |c Joseph L. Klesner 
650 |a CAPITAL  
650 |a PARTICIPACION POLITICA  
650 |a DEMOCRACIA  
650 |a PARTICIPACION POLITICA  
773 |g volumen 42, número 2; páginas 1-32  
999 |c 29518  |d 29518